000 00379nam a2200145Ia 4500
008 240729s9999 xx 000 0 und d
022 _a2470-6345
245 0 _aWikiJournal of Science
260 _aUnited States
260 _bWikiJournal User Group
650 _aScience
856 _uhttps://doaj.org/toc/c22e89484ff04986ac0fb2cb2907dd04
942 _2ddc
942 _cDOAJEJ
999 _c65744
_d65744
945 _a1
_bMadushi Gamage
_c1
_dMadushi Gamage